Hamilton Lyrics Sort #25 - Cabinet Battle #1 - Statistics

General Stats
  • This quiz has been taken 21 times
  • The average score is 18 of 89
Answer Stats
Hint Answer % Correct
Line 1 Ladies and gentlemen
92%
Line 2 You could've been anywhere in the world tonight
92%
Line 4 Are you ready for a cabinet meeting, huh?
83%
Line 3 But you're here with us in New York City
75%
Line 5 The issue on the table
75%
Line 6 Secretary Hamilton's plan to assume
58%
Line 12 Don't act surprised you guys 'cause I wrote 'em
50%
Line 14 His plan would have the government assume state's debts
50%
Line 9 Life, Liberty, and the Pursuit of Happiness
50%
Line 17 Not true
50%
Line 15 Now place your bets as to who that benefits
50%
Line 13 Ow, but Hamilton forgets
50%
Line 8 Secretary Jefferson, you have the floor, sir
50%
Line 11 These are wise words, enterprising men quote 'em
50%
Line 16 The very seat of government where Hamilton sits
50%
Line 10 We fought for these ideals, we shouldn't settle for less
50%
Line 19 If New York's in debt, why should Virginia bear it?
42%
Line 18 Ooh, if the shoe fits, wear it
42%
Line 7 State debt and establish a national bank
42%
Line 20 Uh, our debts are paid I'm afraid
42%
Line 21 Don't tax the south 'cause we got it made in the shade
33%
Line 25 And it's too many damn pages for any man to understand
25%
Line 27 And pray to God we never see Hamilton's candidacy
25%
Line 22 In Virginia, we plant seeds in the ground, we create
25%
Line 28 Look, when Britain taxed our tea, we got frisky
25%
Line 26 Stand with me in the land of the free
25%
Line 24 This financial plan is an outrageous demand
25%
Line 23 You just wanna move our money around
25%
Line 40 A civics lesson from a slaver
17%
Line 37 A financial diuretic, how do you not get it?
17%
Line 45 And another thing, Mr. Age of Enlightenment
17%
Line 52 Damn, you're in worse shape than the national debt is in
17%
Line 35 Doing whatever the hell it is you do in Monticello?
17%
Line 46 Don't lecture me about the war, you didn't fight in it
17%
Line 41 Hey neighbor
17%
Line 36 If we assume the debts, the Union gets a new line of credit
17%
Line 38 If we're aggressive and competitive, the Union gets a boost
17%
Line 29 Imagine what gon happen when you try to tax our whiskey
17%
Line 51 Madison, you're mad as a hatter, so take your medicine
17%
Line 50 Reticent, there isn't a plan he doesn't jettison
17%
Line 31 Secretary Hamilton, your response
17%
Line 30 Thank you, Secretary Jefferson
17%
Line 49 Thomas Jefferson, always hesitant with the president
17%
Line 32 Thomas, that was a real nice declaration
17%
Line 33 Welcome to the present we're running a real nation
17%
Line 43 We plant seeds in the South, we create
17%
Line 48 While you were off getting high with the French
17%
Line 34 Would you like to join us, or stay mellow
17%
Line 44 Yeah keep ranting, we know who's really doing the planting
17%
Line 39 You'd rather give it a sedative
17%
Line 42 Your debts are paid 'cause you don't pay for labour
17%
Line 47 You think I'm frightened of you, man, we almost died in a trench
17%
Line 54 Hey, turn around, bend over, I'll show you where my shoe fits
8%
Line 53 Sitting there useless as two shits
8%
Line 64 Ah ha ha ha
0%
Line 79 Ah, winning was easy young man
0%
Line 85 And what happens if I don't get Congressional approval
0%
Line 61 A word
0%
Line 83 But they don't have a plan, they just hate mine
0%
Line 84 Convince them otherwise
0%
Line 55 Excuse me
0%
Line 88 Figure it out, Alexander
0%
Line 80 Governing's harder
0%
Line 59 Hamilton
0%
Line 57 Hamilton, take a walk
0%
Line 86 I imagine they'll call for your removal
0%
Line 70 I'm sorry, these Virginians are birds of a feather
0%
Line 56 Madison, Jefferson, take a walk
0%
Line 74 No, we need bold strokes
0%
Line 76 No, you need to convince more folks
0%
Line 60 Sir [1]
0%
Line 87 Sir [2]
0%
Line 72 So we let Congress get held hostage by the South
0%
Line 66 Such a blunder, sometimes it makes me wonder
0%
Line 78 That's a non-starter
0%
Line 89 That's an order from your commander
0%
Line 81 They're being intransigent
0%
Line 77 Well James Madison won't talk to me
0%
Line 75 We need this plan
0%
Line 58 We're going to reconvene after a brief recess
0%
Line 68 Why he even brings the thunder
0%
Line 67 Why I even bring the thunder
0%
Line 62 You don't have the votes [1]
0%
Line 63 You don't have the votes [2]
0%
Line 82 You have to find a compromise
0%
Line 73 You need the votes
0%
Line 71 Young man, I'm from Virginia, so watch your mouth
0%
Line 65 You're gonna need congressional approval and you don't have the votes
0%
Line 69 You wanna pull yourself together
0%
No matching quizzes found
Score Distribution
Percent of People with Each Score
Percentile by Number Answered
Your Score History
You have not taken this quiz